000 01248cac a22002531u 4500
090 _c4153
008 081126t 2005xxu||||| |||| 00| 0 eng d
010 _a 2004044266
020 _a0131457349 (alk. paper)
082 0 0 _a657.45
_bARE
100 _aArens, Alvin A.
245 1 0 _aAuditing and assurance services :
_ban integrated approach /
_cAlvin A. Arens, Randal J. Elder, Mark S. Beasley ; with web content provided by J. Gregory Jenkins.
250 _a10th ed.
260 _aUpper Saddle River, N.J. :
_bPearson/Prentice Hall,
_cc2005.
300 _axix, 791 p. :
_bill. (some col.) ;
_c29 cm.
504 _aIncludes bibliographical references and index.
650 0 _aAuditing.
700 1 _aElder, Randal J.
700 1 _aBeasley, Mark S.
942 _cBB
_k657.45ARE
_2ddc
999 _c4153
_d4153